000 01133nas a2200349 4500
001 BR0504479
003 BR-BrBNA
005 20231205105731.0
007 ta
008 230509b bl.|||p| |||| 00| 00por d
040 _aBR-BrBNA
_bpor
_cBiblioteca Nacional de Agricultura
041 _a(Pt)
072 _aL02; Q54
100 1 _aCancherini, L.C.
100 1 _aJunqueira, O.M.
100 1 _aOliveira, M.C. de
100 1 _aAndreotti, M. de O.
100 1 _aBarbosa, M.J.B.
245 1 _aUtilização de subprodutos de origem animal em dietas formuladas com base em proteína bruta e proteína ideal para frangos de corte de 1 a 21 dias de idade
650 _aFRANGO DE CORTE
650 _aDIETA
650 _aRAÇÃO BALANCEADA
650 _aFARINHA DE VÍSCERA
650 _aFARINHA DE SANGUE
650 _aPROTEINA BRUTA
650 _aPERFORMANCE
650 _aCOMPOSIÇÃO DE ALIMENTO
650 _aGANHO DE PESO
773 0 _tRevista Brasileira de Zootecnia (Brazil)
_xISSN 1516-3598
_g(Mar-Apr 2005), v. 34(2) p. 529-534
_wBR0504479
909 _a202311
_bLúcia
_c55
_dLúcia Elande
942 _2AGRIS
_n0
_cANA
999 _c184411
_d184411